Welcome to the Holygrace Academy Library

Please use search bar below to get started

QUESTION BANK SOCIAL SCIENCE (Record no. 939)

MARC details
000 -LEADER
fixed length control field 00296nam a22001217a 4500
082 ## - DEWEY DECIMAL CLASSIFICATION NUMBER
Classification number 300
Item number REL/Q
100 ## - MAIN ENTRY--AUTHOR NAME
Personal name RELIABLE
245 ## - TITLE STATEMENT
Title QUESTION BANK SOCIAL SCIENCE
Remainder of title FOR CLASS IX
260 ## - PUBLICATION, DISTRIBUTION, ETC. (IMPRINT)
Place of publication DELHI
Name of publisher RELIABLE ENTERPRISES
300 ## - PHYSICAL DESCRIPTION
Number of Pages 208
650 ## - SUBJECT ADDED ENTRY--TOPICAL TERM
Topical Term SOCIAL SCIENCE FOR CLASS IX
Geographic subdivision INDIA
942 ## - ADDED ENTRY ELEMENTS (KOHA)
Koha item type Books
Holdings
Withdrawn status Lost status Collection code Home library Current library Shelving location Date acquired Source of acquisition Full call number Accession Number Koha item type
    Reference Main Library Main Library SHELF 7D CLASS IX SOCIAL SCIENCE&INFORMATIC PRACTICE 26/09/2012 purchase 300 REL/Q 07066 Books